书目信息 |
| 题名: |
西方社会学理论
|
|
| 作者: | 宋林飞 著 | |
| 分册: | ||
| 出版信息: | 南京 南京大学出版社 1999.06 |
|
| 页数: | 595页 | |
| 开本: | 32开 | |
| 丛书名: | ||
| 单 册: | ||
| 中图分类: | C91 | |
| 科图分类: | ||
| 主题词: | 社会学 | |
| 电子资源: | ||
| ISBN: | 7-305-03096-1 | |
| 000 | 00534nam0 2200193 45 | |
| 001 | 0009090992 | |
| 005 | 20000909094315.8 | |
| 010 | @a7-305-03096-1@d25.00元 | |
| 100 | @a20000909d1999 km y0chiy0120 ea | |
| 101 | 0 | @achi |
| 105 | @a z 000yy | |
| 200 | 1 | @a西方社会学理论@AXi Fang She Hui Xue Li Lun@f宋林飞 著@FSong Lin Fei Zhu |
| 210 | @a南京@c南京大学出版社@d1999.06 | |
| 215 | @a595页@d32开 | |
| 606 | 0 | @a社会学 |
| 690 | @aC91@v3 | |
| 701 | 0 | @a宋林飞@4著 |
| 801 | @aCN@bPftUser@c20000909 | |
| 905 | @b130885-889@dC91@eS245@f5 | |
| 西方社会学理论/宋林飞 著.-南京:南京大学出版社,1999.06 |
| 595页;32开 |
| ISBN 7-305-03096-1:25.00元 |
| ● |
| 相关链接 |
|
|
|
正题名:西方社会学理论
索取号:C91/S245
 
预约/预借
| 序号 | 登录号 | 条形码 | 馆藏地/架位号 | 状态 | 备注 |
| 1 | 130885 | 201308851 | 社科库509/509社科库 56排2列5层/ [索取号:C91/S245] | 在馆 | |
| 2 | 130886 | 201308860 | 社科库509/509社科库 56排2列5层/ [索取号:C91/S245] | 在馆 | |
| 3 | 130887 | 201308879 | 社科库509/509社科库 56排2列5层/ [索取号:C91/S245] | 在馆 | |
| 4 | 130888 | 201308888 | 社科库509/509社科库 56排2列5层/ [索取号:C91/S245] | 在馆 | |
| 5 | 130889 | 201308897 | 社科库509/509社科库 56排2列5层/ [索取号:C91/S245] | 在馆 |